Compensación de deudas entre la Nación y las Provincias

Guardado en:
Detalles Bibliográficos
Autor principal: Donolo, Dante
Formato: Desconocido
Aporte de:Registro referencial: Solicitar el recurso aquí
LEADER 00337 a2200109 4500
001 ART_11421
005 20260410161857.0
008 260409a
245 1 0 |a Compensación de deudas entre la Nación y las Provincias 
100 1 |a Donolo, Dante 
773 0 |t Revista de Economía  |g - Nº 74 (jul./sep. 1994)  |w REV11077 
999 |c 25558  |d 25558